| 000 | 00686nmm a2200193Ia 4500 | ||
|---|---|---|---|
| 008 | 251105s9999||||xx |||||||||||||||||und|| | ||
| 020 | _a9788437063461 | ||
| 041 | _aspa | ||
| 100 | _aHerder, Johann Gottfried | ||
| 245 | 0 |
_aEscultura : _b Algunas observaciones sobre la forma y la figura a partir del sueño plástico de Pigmalión |
|
| 264 |
_a[Madrid, España] : _bPublicaciones de la Universidad de Valencia (PUV), _c2006 |
||
| 300 | _a152 páginas | ||
| 490 | _aEstètica&Crítica | ||
| 650 | _aArchitecture & Sculpture | ||
| 700 | _aHerder, Johann Gottfried | ||
| 700 | 1 | _a Jarque Soriano, Vicente | |
| 856 | _uhttps://public.digitaliapublishing.com/a/34771 | ||
| 942 | _cCF | ||
| 999 |
_c66799 _d66799 |
||